000 00267nam a22001217a 4500
008 170815b xxu||||| |||| 00| 0 eng d
041 _aeng
080 _27TH
_a51
100 _a36
101 _aMAT
245 _aBASIC COLLEGE MATHEMATICS
_cLIAL,M.L
942 _2udc
_cBK
999 _c23544
_d23544